Mystery XI #5 - Statistics

General Stats
  • This quiz has been taken 369 times
  • The average score is 8 of 11
Answer Stats
Answer % Correct
Edison Cavani
97%
Kylian Mbappe
95%
Angel Di Maria
88%
Julian Draxler
84%
Thiago Silva
82%
Gianluigi Buffon
80%
Marquinhos
79%
Presnel Kimpembe
79%
Juan Bernat
74%
Thilo Kehrer
55%
Dani Alves
21%
No matching quizzes found
Score Distribution
Percent of People with Each Score
Percentile by Number Answered
Your Score History
You have not taken this quiz